[Event "ODJM A 2024"]
[Site "Willingen GER"]
[Date "2024.05.19"]
[Round "1"]
[White "Vollbehr, Bjarne"]
[Black "Klahold, Rona"]
[Result "1-0"]
[Termination "normal"]
[Board "20"]
[WhiteElo "1927"]
[BlackElo "1779"]
[WhiteClock "01:11:13"]
[BlackClock "00:26:04"]
[PlyCount "109"]
[WhiteFideId "34606025"]
[BlackFideId "16222970"]
[EventCountry "GER"]
[EventRounds "9"]
[EventType "swiss"]
[EventDate "2024.05.18"]

1. Nf3 {[%clk 01:30:56]} {[%emt 00:00:04]} Nf6 {[%clk 01:30:42]} {[%emt
00:00:19]} 2. g3 {[%clk 01:31:13]} {[%emt 00:00:13]} d5 {[%clk 01:31:00]}
{[%emt 00:00:11]} 3. Bg2 {[%clk 01:31:37]} {[%emt 00:00:06]} c6 {[%clk
01:31:16]} {[%emt 00:00:14]} 4. O-O {[%clk 01:31:21]} {[%emt 00:00:47]} h6
{[%clk 01:30:12]} {[%emt 00:01:34]} 5. c4 {[%clk 01:30:16]} {[%emt 00:01:35]}
Bf5 {[%clk 01:28:53]} {[%emt 00:01:48]} 6. Qb3 {[%clk 01:30:37]} {[%emt
00:00:10]} Qb6 {[%clk 01:28:15]} {[%emt 00:01:08]} 7. d3 {[%clk 01:27:39]}
{[%emt 00:03:28]} e6 {[%clk 01:20:33]} {[%emt 00:08:12]} 8. Nc3 {[%clk
01:24:16]} {[%emt 00:03:52]} Nbd7 {[%clk 01:17:48]} {[%emt 00:03:15]} 9. Be3
{[%clk 01:21:31]} {[%emt 00:03:16]} Nc5 {[%clk 00:59:24]} {[%emt 00:18:54]} 10.
Bxc5 {[%clk 01:18:29]} {[%emt 00:03:31]} Bxc5 {[%clk 00:57:05]} {[%emt
00:02:50]} 11. cxd5 {[%clk 01:17:00]} {[%emt 00:01:59]} exd5 {[%clk 00:54:05]}
{[%emt 00:03:30]} 12. Qc2 {[%clk 01:15:01]} {[%emt 00:02:28]} Ng4 {[%clk
00:44:29]} {[%emt 00:10:06]} 13. e4 {[%clk 01:13:04]} {[%emt 00:02:27]} Bxf2+
{[%clk 00:39:03]} {[%emt 00:05:56]} 14. Rxf2 {[%clk 01:12:52]} {[%emt
00:00:43]} Nxf2 {[%clk 00:37:54]} {[%emt 00:01:39]} 15. Qxf2 {[%clk 01:13:12]}
{[%emt 00:00:09]} dxe4 {[%clk 00:37:17]} {[%emt 00:01:08]} 16. Nd4 {[%clk
01:12:08]} {[%emt 00:01:33]} Bg6 {[%clk 00:36:27]} {[%emt 00:01:20]} 17. Bxe4
{[%clk 01:06:53]} {[%emt 00:05:45]} O-O-O {[%clk 00:31:31]} {[%emt 00:05:26]}
18. Nf5 {[%clk 01:06:10]} {[%emt 00:01:13]} Kc7 {[%clk 00:28:57]} {[%emt
00:03:05]} 19. Rf1 {[%clk 01:04:36]} {[%emt 00:02:03]} Rd7 {[%clk 00:25:49]}
{[%emt 00:03:39]} 20. Kg2 {[%clk 01:00:18]} {[%emt 00:04:47]} Qxf2+ {[%clk
00:23:28]} {[%emt 00:02:52]} 21. Rxf2 {[%clk 00:59:50]} {[%emt 00:00:58]} Bxf5
{[%clk 00:23:18]} {[%emt 00:00:40]} 22. Bxf5 {[%clk 01:00:02]} {[%emt
00:00:18]} Re7 {[%clk 00:23:21]} {[%emt 00:00:27]} 23. Be4 {[%clk 01:00:19]}
{[%emt 00:00:13]} Rd8 {[%clk 00:22:56]} {[%emt 00:00:55]} 24. h4 {[%clk
00:57:17]} {[%emt 00:03:31]} h5 {[%clk 00:20:24]} {[%emt 00:03:03]} 25. Ne2
{[%clk 00:55:03]} {[%emt 00:02:44]} Kd6 {[%clk 00:16:05]} {[%emt 00:04:49]} 26.
Nf4 {[%clk 00:53:19]} {[%emt 00:02:13]} g6 {[%clk 00:16:09]} {[%emt 00:00:27]}
27. Rc2 {[%clk 00:48:05]} {[%emt 00:05:44]} Re5 {[%clk 00:14:59]} {[%emt
00:01:39]} 28. Kf2 {[%clk 00:46:02]} {[%emt 00:02:33]} Ra5 {[%clk 00:12:29]}
{[%emt 00:03:02]} 29. a3 {[%clk 00:45:33]} {[%emt 00:00:58]} Rc5 {[%clk
00:10:08]} {[%emt 00:02:50]} 30. d4 {[%clk 00:44:35]} {[%emt 00:01:28]} Rxc2+
{[%clk 00:10:15]} {[%emt 00:00:24]} 31. Bxc2 {[%clk 00:44:58]} {[%emt
00:00:07]} Re8 {[%clk 00:09:53]} {[%emt 00:00:51]} 32. Bb3 {[%clk 00:44:07]}
{[%emt 00:01:21]} Re7 {[%clk 00:10:00]} {[%emt 00:00:23]} 33. Nd3 {[%clk
00:43:45]} {[%emt 00:00:52]} b5 {[%clk 00:05:38]} {[%emt 00:04:53]} 34. Ne5
{[%clk 00:43:25]} {[%emt 00:00:49]} c5 {[%clk 00:05:13]} {[%emt 00:00:55]} 35.
Nxf7+ {[%clk 00:43:46]} {[%emt 00:00:09]} Kc6 {[%clk 00:04:56]} {[%emt
00:00:47]} 36. Ne5+ {[%clk 00:42:48]} {[%emt 00:01:28]} Kd6 {[%clk 00:04:26]}
{[%emt 00:01:00]} 37. Nxg6 {[%clk 00:42:54]} {[%emt 00:00:24]} Rg7 {[%clk
00:04:37]} {[%emt 00:00:20]} 38. dxc5+ {[%clk 00:42:54]} {[%emt 00:00:30]} Kxc5
{[%clk 00:04:53]} {[%emt 00:00:13]} 39. Nf4 {[%clk 00:43:18]} {[%emt 00:00:05]}
Rd7 {[%clk 00:04:48]} {[%emt 00:00:36]} 40. Ke3 {[%clk 00:42:22]} {[%emt
00:01:26]} Re7+ {[%clk 00:04:53]} {[%emt 00:00:26]} 41. Ne6+ {[%clk 00:42:24]}
{[%emt 00:00:27]} Kd6 {[%clk 00:04:23]} {[%emt 00:01:00]} 42. Ke4 {[%clk
00:39:58]} {[%emt 00:02:56]} Rxe6+ {[%clk 00:03:28]} {[%emt 00:01:24]} 43. Bxe6
{[%clk 00:40:06]} {[%emt 00:00:22]} Kxe6 {[%clk 00:03:57]} {[%emt 00:00:02]}
44. Kf4 {[%clk 00:39:00]} {[%emt 00:01:36]} Kf6 {[%clk 00:02:56]} {[%emt
00:01:31]} 45. b3 {[%clk 00:38:13]} {[%emt 00:01:18]} a5 {[%clk 00:25:43]}
{[%emt 00:07:43]} 46. b4 {[%clk 01:08:14]} {[%emt 00:00:28]} a4 {[%clk
00:24:49]} {[%emt 00:01:24]} 47. g4 {[%clk 01:08:28]} {[%emt 00:00:16]} hxg4
{[%clk 00:24:48]} {[%emt 00:00:31]} 48. Kxg4 {[%clk 01:08:51]} {[%emt
00:00:07]} Ke5 {[%clk 00:24:21]} {[%emt 00:00:57]} 49. h5 {[%clk 01:09:12]}
{[%emt 00:00:08]} Kd4 {[%clk 00:24:07]} {[%emt 00:00:45]} 50. h6 {[%clk
01:09:35]} {[%emt 00:00:07]} Kc3 {[%clk 00:24:32]} {[%emt 00:00:05]} 51. h7
{[%clk 01:09:59]} {[%emt 00:00:06]} Kb3 {[%clk 00:24:54]} {[%emt 00:00:09]} 52.
h8=Q {[%clk 01:10:18]} {[%emt 00:00:10]} Kxa3 {[%clk 00:25:21]} {[%emt
00:00:04]} 53. Qc3+ {[%clk 01:10:29]} {[%emt 00:00:18]} Ka2 {[%clk 00:25:41]}
{[%emt 00:00:10]} 54. Qc5 {[%clk 01:10:50]} {[%emt 00:00:09]} a3 {[%clk
00:26:04]} {[%emt 00:00:07]} 55. Qxb5 {[%clk 01:11:13]} {[%emt 00:00:06]} 1-0

[Event "ODJM A 2024"]
[Site "Willingen GER"]
[Date "2024.05.19"]
[Round "1"]
[White "Wendt, Felix"]
[Black "Niesel, Tobias"]
[Result "0-1"]
[Termination "normal"]
[Board "21"]
[WhiteElo "1766"]
[BlackElo "1943"]
[WhiteClock "00:03:25"]
[BlackClock "00:13:50"]
[PlyCount "74"]
[WhiteFideId "34663592"]
[BlackFideId "12962155"]
[EventCountry "GER"]
[EventRounds "9"]
[EventType "swiss"]
[EventDate "2024.05.18"]

1. e4 {[%clk 01:30:57]} {[%emt 00:00:03]} Nf6 {[%clk 01:30:52]} {[%emt
00:00:08]} 2. e5 {[%clk 01:31:21]} {[%emt 00:00:06]} Nd5 {[%clk 01:31:17]}
{[%emt 00:00:05]} 3. d4 {[%clk 01:31:47]} {[%emt 00:00:04]} d6 {[%clk
01:31:40]} {[%emt 00:00:07]} 4. c4 {[%clk 01:32:13]} {[%emt 00:00:04]} Nb6
{[%clk 01:31:56]} {[%emt 00:00:14]} 5. exd6 {[%clk 01:32:37]} {[%emt 00:00:05]}
exd6 {[%clk 01:32:18]} {[%emt 00:00:08]} 6. Nf3 {[%clk 01:32:44]} {[%emt
00:00:23]} Be7 {[%clk 01:30:46]} {[%emt 00:02:03]} 7. h3 {[%clk 01:23:36]}
{[%emt 00:09:38]} c6 {[%clk 01:28:24]} {[%emt 00:02:52]} 8. Bd3 {[%clk
01:22:48]} {[%emt 00:01:18]} Na6 {[%clk 01:22:58]} {[%emt 00:05:56]} 9. a3
{[%clk 01:20:07]} {[%emt 00:03:11]} O-O {[%clk 01:20:48]} {[%emt 00:02:39]} 10.
O-O {[%clk 01:20:32]} {[%emt 00:00:06]} d5 {[%clk 01:13:05]} {[%emt 00:08:13]}
11. c5 {[%clk 01:16:51]} {[%emt 00:04:10]} Nd7 {[%clk 01:13:28]} {[%emt
00:00:08]} 12. Re1 {[%clk 01:14:24]} {[%emt 00:02:57]} Nc7 {[%clk 01:11:59]}
{[%emt 00:01:59]} 13. Nbd2 {[%clk 01:08:56]} {[%emt 00:05:57]} Ne6 {[%clk
01:09:19]} {[%emt 00:03:11]} 14. Nf1 {[%clk 01:08:45]} {[%emt 00:00:40]} Re8
{[%clk 00:57:16]} {[%emt 00:12:34]} 15. Ng3 {[%clk 01:07:52]} {[%emt 00:01:23]}
g6 {[%clk 00:55:15]} {[%emt 00:02:31]} 16. Rb1 {[%clk 00:56:29]} {[%emt
00:11:52]} Bf6 {[%clk 00:46:16]} {[%emt 00:09:30]} 17. Be3 {[%clk 00:56:07]}
{[%emt 00:00:52]} a5 {[%clk 00:45:44]} {[%emt 00:01:02]} 18. b4 {[%clk
00:54:31]} {[%emt 00:02:06]} axb4 {[%clk 00:43:02]} {[%emt 00:03:13]} 19. axb4
{[%clk 00:54:37]} {[%emt 00:00:23]} b6 {[%clk 00:38:54]} {[%emt 00:04:37]} 20.
Qd2 {[%clk 00:34:05]} {[%emt 00:21:01]} Ba6 {[%clk 00:35:13]} {[%emt 00:04:12]}
21. b5 {[%clk 00:25:53]} {[%emt 00:08:43]} Bxb5 {[%clk 00:31:06]} {[%emt
00:04:37]} 22. Bxb5 {[%clk 00:24:35]} {[%emt 00:01:47]} cxb5 {[%clk 00:31:30]}
{[%emt 00:00:07]} 23. c6 {[%clk 00:24:24]} {[%emt 00:00:40]} Nb8 {[%clk
00:31:53]} {[%emt 00:00:07]} 24. Rec1 {[%clk 00:24:11]} {[%emt 00:00:43]} Ra5
{[%clk 00:26:28]} {[%emt 00:05:56]} 25. Ne2 {[%clk 00:20:23]} {[%emt 00:04:18]}
Qd6 {[%clk 00:21:50]} {[%emt 00:05:08]} 26. c7 {[%clk 00:06:27]} {[%emt
00:14:26]} Nc6 {[%clk 00:21:57]} {[%emt 00:00:23]} 27. Qc3 {[%clk 00:04:37]}
{[%emt 00:02:20]} Na7 {[%clk 00:20:21]} {[%emt 00:02:06]} 28. Ne5 {[%clk
00:02:14]} {[%emt 00:02:53]} Rc8 {[%clk 00:18:45]} {[%emt 00:02:06]} 29. Nf4
{[%clk 00:01:28]} {[%emt 00:01:16]} Rxc7 {[%clk 00:15:49]} {[%emt 00:03:26]}
30. Ng4 {[%clk 00:01:49]} {[%emt 00:00:08]} Rxc3 {[%clk 00:14:33]} {[%emt
00:01:47]} 31. Nxf6+ {[%clk 00:02:13]} {[%emt 00:00:06]} Kh8 {[%clk 00:14:24]}
{[%emt 00:00:39]} 32. Rxc3 {[%clk 00:02:31]} {[%emt 00:00:12]} Nxf4 {[%clk
00:14:34]} {[%emt 00:00:19]} 33. Bxf4 {[%clk 00:02:55]} {[%emt 00:00:04]} Qxf4
{[%clk 00:14:42]} {[%emt 00:00:25]} 34. Rf3 {[%clk 00:03:00]} {[%emt 00:00:24]}
Qxd4 {[%clk 00:14:45]} {[%emt 00:00:27]} 35. Kh2 {[%clk 00:02:51]} {[%emt
00:00:39]} Ra1 {[%clk 00:13:09]} {[%emt 00:02:06]} 36. Rbb3 {[%clk 00:03:06]}
{[%emt 00:00:15]} Qe5+ {[%clk 00:13:29]} {[%emt 00:00:10]} 37. g3 {[%clk
00:03:25]} {[%emt 00:00:12]} Qe1 {[%clk 00:13:50]} {[%emt 00:00:08]} 0-1

[Event "ODJM A 2024"]
[Site "Willingen GER"]
[Date "2024.05.19"]
[Round "1"]
[White "Fruth, David"]
[Black "Tulchynsky, David"]
[Result "0-1"]
[Termination "normal"]
[Board "22"]
[WhiteElo "1931"]
[BlackElo "1854"]
[WhiteClock "00:01:02"]
[BlackClock "00:05:34"]
[PlyCount "52"]
[WhiteFideId "16257596"]
[BlackFideId "16289560"]
[EventCountry "GER"]
[EventRounds "9"]
[EventType "swiss"]
[EventDate "2024.05.18"]

1. e4 {[%clk 01:30:58]} {[%emt 00:00:01]} c5 {[%clk 01:30:48]} {[%emt
00:00:12]} 2. Nc3 {[%clk 01:31:26]} {[%emt 00:00:03]} d6 {[%clk 01:31:11]}
{[%emt 00:00:06]} 3. d4 {[%clk 01:31:52]} {[%emt 00:00:05]} cxd4 {[%clk
01:31:16]} {[%emt 00:00:24]} 4. Qxd4 {[%clk 01:32:20]} {[%emt 00:00:03]} Bd7
{[%clk 01:30:19]} {[%emt 00:01:28]} 5. b3 {[%clk 01:32:40]} {[%emt 00:00:09]}
Nc6 {[%clk 01:30:35]} {[%emt 00:00:15]} 6. Qd2 {[%clk 01:33:08]} {[%emt
00:00:01]} g6 {[%clk 01:27:06]} {[%emt 00:03:58]} 7. Bb2 {[%clk 01:31:50]}
{[%emt 00:01:49]} Bg7 {[%clk 01:27:29]} {[%emt 00:00:06]} 8. O-O-O {[%clk
01:32:15]} {[%emt 00:00:06]} Nf6 {[%clk 01:26:27]} {[%emt 00:01:32]} 9. f3
{[%clk 01:32:32]} {[%emt 00:00:13]} O-O {[%clk 01:24:21]} {[%emt 00:02:36]} 10.
Kb1 {[%clk 01:32:48]} {[%emt 00:00:13]} a6 {[%clk 01:14:30]} {[%emt 00:10:21]}
11. h4 {[%clk 01:32:23]} {[%emt 00:00:56]} b5 {[%clk 01:13:13]} {[%emt
00:01:47]} 12. g4 {[%clk 01:28:33]} {[%emt 00:04:20]} Qb6 {[%clk 00:53:47]}
{[%emt 00:19:56]} 13. h5 {[%clk 01:28:11]} {[%emt 00:00:52]} Be6 {[%clk
00:44:15]} {[%emt 00:10:02]} 14. Nge2 {[%clk 01:09:51]} {[%emt 00:18:50]} Qf2
{[%clk 00:38:11]} {[%emt 00:06:33]} 15. Qf4 {[%clk 01:06:22]} {[%emt 00:04:00]}
Ne5 {[%clk 00:32:32]} {[%emt 00:06:10]} 16. Nd4 {[%clk 00:58:36]} {[%emt
00:08:14]} Nfxg4 {[%clk 00:32:17]} {[%emt 00:00:45]} 17. hxg6 {[%clk 00:40:32]}
{[%emt 00:18:35]} Nxg6 {[%clk 00:27:02]} {[%emt 00:05:45]} 18. Qg5 {[%clk
00:29:41]} {[%emt 00:11:20]} Ne3 {[%clk 00:20:26]} {[%emt 00:07:06]} 19. Qh5
{[%clk 00:23:50]} {[%emt 00:06:21]} h6 {[%clk 00:20:10]} {[%emt 00:00:47]} 20.
Rh2 {[%clk 00:17:51]} {[%emt 00:06:29]} Qg3 {[%clk 00:17:36]} {[%emt 00:03:04]}
21. Nxe6 {[%clk 00:14:59]} {[%emt 00:03:22]} fxe6 {[%clk 00:17:41]} {[%emt
00:00:25]} 22. Bh3 {[%clk 00:03:23]} {[%emt 00:12:06]} Nf4 {[%clk 00:14:53]}
{[%emt 00:03:18]} 23. Ne2 {[%clk 00:02:52]} {[%emt 00:01:01]} Nxh5 {[%clk
00:13:56]} {[%emt 00:01:27]} 24. Bxe6+ {[%clk 00:02:15]} {[%emt 00:01:06]} Kh7
{[%clk 00:14:00]} {[%emt 00:00:26]} 25. Nxg3 {[%clk 00:02:31]} {[%emt
00:00:14]} Nxd1 {[%clk 00:14:01]} {[%emt 00:00:30]} 26. Nxh5 {[%clk 00:01:02]}
{[%emt 00:01:58]} Bxb2 {[%clk 00:05:34]} {[%emt 00:08:57]} 0-1

[Event "ODJM A 2024"]
[Site "Willingen GER"]
[Date "2024.05.19"]
[Round "1"]
[White "Mainka, Ingmar"]
[Black "Uhlmann, Tim"]
[Result "1/2-1/2"]
[Termination "normal"]
[Board "23"]
[WhiteElo "1879"]
[BlackElo "1920"]
[WhiteClock "00:49:40"]
[BlackClock "00:55:27"]
[PlyCount "70"]
[WhiteFideId "16254937"]
[BlackFideId "16239210"]
[EventCountry "GER"]
[EventRounds "9"]
[EventType "swiss"]
[EventDate "2024.05.18"]

1. e4 {[%clk 01:30:59]} {[%emt 14:43:39]} e5 {[%clk 01:30:42]} {[%emt
00:00:18]} 2. Nf3 {[%clk 01:31:25]} {[%emt 00:00:03]} Nc6 {[%clk 01:31:07]}
{[%emt 00:00:06]} 3. d4 {[%clk 01:31:51]} {[%emt 00:00:04]} exd4 {[%clk
01:31:26]} {[%emt 00:00:10]} 4. Nxd4 {[%clk 01:32:19]} {[%emt 00:00:03]} Bc5
{[%clk 01:31:46]} {[%emt 00:00:09]} 5. Be3 {[%clk 01:32:45]} {[%emt 00:00:05]}
Qf6 {[%clk 01:32:06]} {[%emt 00:00:10]} 6. c3 {[%clk 01:33:07]} {[%emt
00:00:07]} Nge7 {[%clk 01:32:27]} {[%emt 00:00:09]} 7. Bc4 {[%clk 01:33:31]}
{[%emt 00:00:07]} Ne5 {[%clk 01:32:47]} {[%emt 00:00:10]} 8. Be2 {[%clk
01:33:55]} {[%emt 00:00:05]} Qg6 {[%clk 01:32:57]} {[%emt 00:00:20]} 9. O-O
{[%clk 01:34:15]} {[%emt 00:00:10]} d6 {[%clk 01:33:20]} {[%emt 00:00:07]} 10.
Nd2 {[%clk 01:30:51]} {[%emt 00:03:54]} O-O {[%clk 01:33:16]} {[%emt 00:00:34]}
11. Bh5 {[%clk 01:29:42]} {[%emt 00:01:39]} Bg4 {[%clk 01:32:40]} {[%emt
00:01:06]} 12. Bxg6 {[%clk 01:29:21]} {[%emt 00:00:52]} Bxd1 {[%clk 01:33:05]}
{[%emt 00:00:05]} 13. Bxh7+ {[%clk 01:27:35]} {[%emt 00:02:16]} Kxh7 {[%clk
01:33:26]} {[%emt 00:00:08]} 14. Raxd1 {[%clk 01:27:59]} {[%emt 00:00:06]} Ng4
{[%clk 01:32:04]} {[%emt 00:01:51]} 15. Bf4 {[%clk 01:25:50]} {[%emt 00:02:40]}
Ng6 {[%clk 01:29:55]} {[%emt 00:02:39]} 16. Bg3 {[%clk 01:26:01]} {[%emt
00:00:19]} Rae8 {[%clk 01:29:20]} {[%emt 00:01:05]} 17. b4 {[%clk 01:20:51]}
{[%emt 00:05:40]} Bb6 {[%clk 01:28:39]} {[%emt 00:01:11]} 18. Nc4 {[%clk
01:21:19]} {[%emt 00:00:03]} Nf6 {[%clk 01:27:24]} {[%emt 00:01:45]} 19. Nxb6
{[%clk 01:21:15]} {[%emt 00:00:35]} axb6 {[%clk 01:27:46]} {[%emt 00:00:07]}
20. f3 {[%clk 01:21:39]} {[%emt 00:00:06]} Ra8 {[%clk 01:26:26]} {[%emt
00:01:50]} 21. Rd2 {[%clk 01:17:44]} {[%emt 00:04:24]} Nh5 {[%clk 01:25:42]}
{[%emt 00:01:13]} 22. Nb5 {[%clk 01:12:12]} {[%emt 00:06:03]} Nxg3 {[%clk
01:24:18]} {[%emt 00:01:55]} 23. hxg3 {[%clk 01:12:40]} {[%emt 00:00:02]} Rac8
{[%clk 01:23:29]} {[%emt 00:01:18]} 24. Kf2 {[%clk 01:10:44]} {[%emt 00:02:26]}
f5 {[%clk 01:19:15]} {[%emt 00:04:44]} 25. Rd4 {[%clk 01:09:03]} {[%emt
00:02:11]} Ne5 {[%clk 01:16:03]} {[%emt 00:03:42]} 26. Rh1+ {[%clk 01:06:51]}
{[%emt 00:02:42]} Kg8 {[%clk 01:12:55]} {[%emt 00:03:38]} 27. Rh5 {[%clk
01:01:58]} {[%emt 00:05:23]} g6 {[%clk 01:11:58]} {[%emt 00:01:27]} 28. Rg5
{[%clk 01:01:56]} {[%emt 00:00:32]} fxe4 {[%clk 01:09:46]} {[%emt 00:02:42]}
29. Rxe4 {[%clk 01:01:51]} {[%emt 00:00:35]} Kg7 {[%clk 01:09:32]} {[%emt
00:00:43]} 30. f4 {[%clk 00:59:38]} {[%emt 00:02:44]} Rf6 {[%clk 01:02:36]}
{[%emt 00:07:27]} 31. Kg1 {[%clk 00:47:56]} {[%emt 00:12:12]} Nf7 {[%clk
00:59:48]} {[%emt 00:03:17]} 32. Rg4 {[%clk 00:48:21]} {[%emt 00:00:05]} Nh6
{[%clk 00:58:24]} {[%emt 00:01:54]} 33. Rg5 {[%clk 00:48:50]} {[%emt 00:00:01]}
Nf7 {[%clk 00:56:45]} {[%emt 00:02:10]} 34. Rg4 {[%clk 00:49:17]} {[%emt
00:00:03]} Nh6 {[%clk 00:56:38]} {[%emt 00:00:36]} 35. Rg5 {[%clk 00:49:40]}
{[%emt 00:00:06]} Nf7 {[%clk 00:55:27]} {[%emt 00:01:42]} 1/2-1/2

[Event "ODJM A 2024"]
[Site "Willingen GER"]
[Date "2024.05.19"]
[Round "1"]
[White "Kieselbach, Jannik"]
[Black "Werner, Florin"]
[Result "1/2-1/2"]
[Termination "normal"]
[Board "24"]
[WhiteElo "2003"]
[BlackElo "1893"]
[WhiteClock "00:01:51"]
[BlackClock "00:01:28"]
[PlyCount "90"]
[WhiteFideId "16246403"]
[BlackFideId "16250230"]
[EventCountry "GER"]
[EventRounds "9"]
[EventType "swiss"]
[EventDate "2024.05.18"]

1. e4 {[%clk 01:30:56]} {[%emt 00:00:02]} c5 {[%clk 01:30:31]} {[%emt
00:00:30]} 2. c3 {[%clk 01:30:03]} {[%emt 00:01:22]} e6 {[%clk 01:30:57]}
{[%emt 00:00:05]} 3. Nf3 {[%clk 01:30:02]} {[%emt 00:00:29]} d5 {[%clk
01:30:53]} {[%emt 00:00:35]} 4. exd5 {[%clk 01:30:01]} {[%emt 00:00:31]} exd5
{[%clk 01:31:18]} {[%emt 00:00:06]} 5. d4 {[%clk 01:30:06]} {[%emt 00:00:25]}
Bg4 {[%clk 01:29:11]} {[%emt 00:02:37]} 6. Be2 {[%clk 01:24:48]} {[%emt
00:05:46]} Nc6 {[%clk 01:25:45]} {[%emt 00:03:57]} 7. Be3 {[%clk 01:21:51]}
{[%emt 00:03:27]} cxd4 {[%clk 01:04:12]} {[%emt 00:22:05]} 8. Nxd4 {[%clk
01:19:42]} {[%emt 00:02:36]} Bxe2 {[%clk 00:52:03]} {[%emt 00:12:40]} 9. Nxe2
{[%clk 01:07:02]} {[%emt 00:13:09]} Nf6 {[%clk 00:48:07]} {[%emt 00:04:28]} 10.
h3 {[%clk 00:43:24]} {[%emt 00:24:08]} Be7 {[%clk 00:44:10]} {[%emt 00:04:25]}
11. Nd2 {[%clk 00:39:20]} {[%emt 00:04:35]} O-O {[%clk 00:43:28]} {[%emt
00:01:11]} 12. O-O {[%clk 00:38:36]} {[%emt 00:01:13]} Qc7 {[%clk 00:40:16]}
{[%emt 00:03:44]} 13. Nd4 {[%clk 00:27:55]} {[%emt 00:11:12]} Rfe8 {[%clk
00:33:59]} {[%emt 00:06:46]} 14. Re1 {[%clk 00:22:13]} {[%emt 00:06:12]} a6
{[%clk 00:32:51]} {[%emt 00:01:38]} 15. a4 {[%clk 00:15:51]} {[%emt 00:06:52]}
Bd6 {[%clk 00:27:49]} {[%emt 00:05:32]} 16. N2f3 {[%clk 00:08:16]} {[%emt
00:08:05]} Bf4 {[%clk 00:22:22]} {[%emt 00:05:57]} 17. Bxf4 {[%clk 00:07:23]}
{[%emt 00:01:23]} Qxf4 {[%clk 00:22:45]} {[%emt 00:00:08]} 18. Nxc6 {[%clk
00:06:09]} {[%emt 00:01:43]} bxc6 {[%clk 00:21:55]} {[%emt 00:01:21]} 19. Rxe8+
{[%clk 00:05:30]} {[%emt 00:01:08]} Rxe8 {[%clk 00:22:18]} {[%emt 00:00:07]}
20. Qd3 {[%clk 00:05:16]} {[%emt 00:00:44]} Qb8 {[%emt 00:07:41]} 21. b4 {[%clk
00:04:21]} {[%emt 00:01:24]} Qb6 {[%clk 00:12:46]} {[%emt 00:02:53]} 22. Nd2
{[%clk 00:01:39]} {[%emt 00:03:11]} h6 {[%clk 00:12:06]} {[%emt 00:01:10]} 23.
Nb3 {[%clk 00:01:29]} {[%emt 00:00:40]} Ne4 {[%clk 00:10:48]} {[%emt 00:01:49]}
24. Rf1 {[%clk 00:00:43]} {[%emt 00:01:16]} Re6 {[%clk 00:07:30]} {[%emt
00:03:48]} 25. Nd4 {[%clk 00:00:33]} {[%emt 00:00:40]} Re8 {[%clk 00:04:34]}
{[%emt 00:03:25]} 26. a5 {[%clk 00:00:53]} {[%emt 00:00:10]} Qb7 {[%clk
00:04:22]} {[%emt 00:00:41]} 27. Re1 {[%clk 00:01:17]} {[%emt 00:00:07]} Nd6
{[%clk 00:03:19]} {[%emt 00:01:32]} 28. Rxe8+ {[%clk 00:01:39]} {[%emt
00:00:09]} Nxe8 {[%clk 00:03:44]} {[%emt 00:00:06]} 29. Qg3 {[%clk 00:01:13]}
{[%emt 00:00:55]} Kh7 {[%clk 00:01:47]} {[%emt 00:02:26]} 30. Qe5 {[%clk
00:01:04]} {[%emt 00:00:40]} Qd7 {[%clk 00:01:46]} {[%emt 00:00:31]} 31. Qb8
{[%clk 00:00:58]} {[%emt 00:00:36]} Nd6 {[%clk 00:00:36]} {[%emt 00:01:39]} 32.
Qb6 {[%clk 00:01:07]} {[%emt 00:00:22]} Ne4 {[%clk 00:00:47]} {[%emt 00:00:18]}
33. Ne2 {[%clk 00:00:45]} {[%emt 00:00:52]} Qf5 {[%clk 00:00:46]} {[%emt
00:00:31]} 34. Qe3 {[%clk 00:00:40]} {[%emt 00:00:36]} Qf6 {[%clk 00:00:43]}
{[%emt 00:00:32]} 35. f3 {[%clk 00:00:54]} {[%emt 00:00:18]} Nd6 {[%clk
00:00:55]} {[%emt 00:00:16]} 36. Qd3+ {[%clk 00:01:19]} {[%emt 00:00:06]} g6
{[%clk 00:01:14]} {[%emt 00:00:11]} 37. Qxa6 {[%clk 00:01:17]} {[%emt
00:00:32]} Nb5 {[%clk 00:01:38]} {[%emt 00:00:06]} 38. Qb7 {[%clk 00:00:56]}
{[%emt 00:00:51]} Kg7 {[%clk 00:01:15]} {[%emt 00:00:54]} 39. a6 {[%clk
00:01:09]} {[%emt 00:00:17]} Nxc3 {[%clk 00:01:36]} {[%emt 00:00:09]} 40. Nxc3
{[%clk 00:01:04]} {[%emt 00:00:35]} Qxc3 {[%clk 00:01:47]} {[%emt 00:00:18]}
41. Qb8 {[%clk 00:00:47]} {[%emt 00:00:47]} Qa1+ {[%clk 00:02:10]} {[%emt
00:00:08]} 42. Kh2 {[%clk 00:01:00]} {[%emt 00:00:17]} Qxa6 {[%clk 00:02:37]}
{[%emt 00:00:02]} 43. Qe5+ {[%clk 00:01:22]} {[%emt 00:00:08]} Kh7 {[%clk
00:01:32]} {[%emt 00:01:36]} 44. Qc7 {[%clk 00:01:26]} {[%emt 00:00:24]} Kg8
{[%clk 00:01:08]} {[%emt 00:00:54]} 45. Qb8+ {[%clk 00:01:51]} {[%emt
00:00:07]} Kg7 {[%clk 00:01:28]} {[%emt 00:00:09]} 1/2-1/2